Länder in der Nähe von Dschibuti - Statistiken

Allgemein
  • Dieses Quiz wurde 121 mal gespielt
  • Das Durchschnittsergebnis liegt bei 18 aus 20
Antwortstatistiken
Km Land % Korrekt
0 Somalia
99%
0 Eritrea
98%
751 Kenia
97%
624 Sudan
97%
0 Äthiopien
96%
857 Südsudan
95%
1365 Ägypten
93%
20 Jemen
92%
409 Saudi-Arabien
92%
1155 Oman
90%
1835 Ruanda
89%
1143 Uganda
87%
1585 Tansania
86%
1551 Katar
84%
1515 Vereinigte Arabische Emirate
82%
1458 Dem Rep Kongo
81%
1640 Bahrain
78%
1822 Kuwait
74%
1706 Zentralafrikanische Republik
73%
1843 Irak
69%
Keine übereinstimmenden Quizze gefunden
Verteilung der Resultate
Anzahl Personen mit jedem Resultat
Perzentil nach korrekt beantworteten Fragen
Ihre Resultats-Entwicklung
Sie haben dieses Quiz noch nicht gespielt